00651cam a22002291 4500001001300000003000400013005001700017008004100034010001700075035002000092040001800112042001200130050001500142100003300157245007800190250002400268260005000292300001900342500001600361650002700377999001700404sa 65010077 DLC20260227112206.0940216s1958 xx 000 0 mar  asa 65010077  a(OCoLC)29823435 aDLCcNRUdDLC apremarc00aHQ10b.D371 aDeshpande, Vimalabai,d1903-10aGhara āṇi āṅgana.c[Lekhikā] Vimalābāī Deśapāṇḍe. a[Prathamāvr̥tti] aMumbaī,bBahurūpī Prakāśanac[1958] a135 p.c19 cm. aIn Marathi. 0aFamily life education. c66557d66557